[Event "39th Olympiad Women"]
[Site "Khanty-Mansiysk RUS"]
[Date "2010.09.28"]
[Round "7"]
[White "Pasku, Roela"]
[Black "Finnbogadottir, Tinna Kristin"]
[Result "1-0"]
[WhiteTitle "WCM"]
[WhiteElo "1912"]
[BlackElo "1781"]
[Board "34.4"]
[WhiteTeam "ALB"]
[BlackTeam "ISL"]
[WhiteFideId "4700708"]
[BlackFideId "2300214"]
[EventDate "2010.09.21"]
[EventType "team"]

1. d4 d5 2. c4 c6 3. Nc3 Nf6 4. Nf3 e6 5. Bg5 Nbd7 6. e3 Qa5 7. Bxf6 Nxf6 8. Nd2
Bb4 9. Qc2 O-O 10. Bd3 h6 11. O-O Qd8 12. a3 Bd6 13. h3 Bc7 14. Nf3 Nd7 15. e4
dxc4 16. Bxc4 c5 17. dxc5 Nxc5 18. Rfd1 Qf6 19. Qe2 Nd7 20. Rac1 Ne5 21. Nxe5
Qxe5 22. g3 Bb6 23. Kh2 Qf6 24. f4 g5 25. e5 Qe7 26. Bd3 Kg7 27. Ne4 Rh8 28. Nf6
Bd7 29. Qg4 Ba4 30. Rf1 Rad8 31. fxg5 Rxd3 32. gxh6+ Kxh6 33. Qxa4 Rd2+ 34. Kh1
Kg7 35. Qg4+ Kf8 36. Rc8+ Rd8 37. Rfc1 a6 38. b4 a5 39. h4 a4 40. h5 Rxc8 41.
Rxc8+ Bd8 42. Qg5 b6 43. Nh7+ Ke8 44. Qxe7+ Kxe7 45. Nf6 b5 46. g4 Rf8 47. Rc6
Rh8 48. g5 Kf8 49. Rc8 Kg7 50. Kg2 Be7 51. h6+ Rxh6 1-0

[Event "39th Olympiad Women"]
[Site "Khanty-Mansiysk RUS"]
[Date "2010.09.28"]
[Round "7"]
[White "Lang, Heather"]
[Black "Adames Rojas, Ariella"]
[Result "1-0"]
[WhiteElo "2025"]
[BlackElo "1899"]
[Board "35.1"]
[WhiteTeam "SCO"]
[BlackTeam "DOM"]
[WhiteFideId "2400979"]
[BlackFideId "6400477"]
[EventDate "2010.09.21"]
[EventType "team"]

1. e4 e6 2. Nc3 d5 3. d4 dxe4 4. Nxe4 Bd7 5. Nf3 Bc6 6. Bd3 Nd7 7. O-O Ngf6 8.
Qe2 Bxe4 9. Bxe4 Nxe4 10. Qxe4 c6 11. c4 Nf6 12. Qe2 Be7 13. Bd2 O-O 14. b4 Rc8
15. Rfb1 Re8 16. Be3 Nd7 17. Rb3 Bf6 18. Rd1 Qe7 19. c5 b5 20. a4 a6 21. axb5
axb5 22. Ra3 Ra8 23. Rda1 Rxa3 24. Rxa3 g6 25. Ra7 Rc8 26. Bf4 Qd8 27. g3 Ra8
28. Qa2 Rxa7 29. Qxa7 Nf8 30. Bd6 Qc8 31. h4 h6 32. Be5 Nd7 33. Bxf6 Nxf6 34.
Ne5 Qe8 35. Qb7 Nd5 36. Nxc6 f6 37. Na7 Qd8 38. Qxb5 Nc7 39. Qc4 Qa8 40. Nb5
Nxb5 41. Qxb5 Qa1+ 42. Kg2 Qxd4 43. Qe8+ Kg7 44. Qxe6 Qxb4 45. c6 Qc3 46. Qd7+ 1-0

[Event "39th Olympiad Women"]
[Site "Khanty-Mansiysk RUS"]
[Date "2010.09.28"]
[Round "7"]
[White "Perez, Eneida"]
[Black "Rutherford, Elaine"]
[Result "0-1"]
[WhiteTitle "WFM"]
[BlackTitle "WFM"]
[WhiteElo "2099"]
[BlackElo "2080"]
[Board "35.2"]
[WhiteTeam "DOM"]
[BlackTeam "SCO"]
[WhiteFideId "602795"]
[BlackFideId "2401428"]
[EventDate "2010.09.21"]
[EventType "team"]

1. d4 d5 2. e3 Bf5 3. Bd3 Bxd3 4. Qxd3 c6 5. f4 Nf6 6. Nd2 e6 7. Ngf3 Be7 8. O-O
Nbd7 9. Ne5 O-O 10. b3 Rc8 11. Bb2 c5 12. c3 a6 13. Kh1 Qb6 14. Rab1 Qa5 15. Ra1
Rc7 16. a3 Rfc8 17. Nxd7 Rxd7 18. b4 cxb4 19. axb4 Qb6 20. Qe2 Rdc7 21. g4 Ne8
22. f5 Nd6 23. fxe6 fxe6 24. e4 dxe4 25. Nxe4 Qc6 26. Rae1 Bh4 27. Kg1 Nxe4 28.
Qxe4 Bxe1 29. Qxe1 Rf8 30. Rxf8+ Kxf8 31. Qe5 Kg8 32. Bc1 Rf7 33. Qb8+ Rf8 34.
Qe5 Kh8 35. Bh6 Qd7 36. Bd2 Qf7 37. Qe2 b5 38. Kg2 Qb7+ 39. Kg3 Qh1 40. Be3 Qe4
41. h4 Kg8 42. h5 h6 43. d5 exd5 44. g5 hxg5 45. Kh2 Rf3 0-1

[Event "39th Olympiad Women"]
[Site "Khanty-Mansiysk RUS"]
[Date "2010.09.28"]
[Round "7"]
[White "Giulian, Rosemary A"]
[Black "Jose Polanco, Kenia"]
[Result "1/2-1/2"]
[WhiteElo "1990"]
[BlackElo "1997"]
[Board "35.3"]
[WhiteTeam "SCO"]
[BlackTeam "DOM"]
[WhiteFideId "2400375"]
[BlackFideId "6401074"]
[EventDate "2010.09.21"]
[EventType "team"]

1. e4 e6 2. d4 d5 3. Nd2 dxe4 4. Nxe4 Nd7 5. Nf3 Ngf6 6. Nxf6+ Nxf6 7. Be3 Bd6
8. Bd3 Qe7 9. Qd2 Ng4 10. O-O-O Bd7 11. h3 Nxe3 12. fxe3 O-O-O 13. Rhf1 f6 14.
e4 Qe8 15. e5 Be7 16. Kb1 Bc6 17. c3 fxe5 18. Nxe5 Bf6 19. Nxc6 Qxc6 20. Qe2 Rd6
21. Qf3 Qxf3 22. Rxf3 e5 23. dxe5 Bxe5 24. Bf5+ Kb8 25. Rxd6 Bxd6 26. Bd3 h6 27.
Kc2 Be5 1/2-1/2

[Event "39th Olympiad Women"]
[Site "Khanty-Mansiysk RUS"]
[Date "2010.09.28"]
[Round "7"]
[White "Jennitha, Anto K."]
[Black "Hernandez Guerrero, Yadira"]
[Result "1/2-1/2"]
[BlackTitle "WIM"]
[WhiteElo "1966"]
[BlackElo "2160"]
[Board "36.1"]
[WhiteTeam "IPCA"]
[BlackTeam "MEX"]
[WhiteFideId "5018218"]
[BlackFideId "5100992"]
[EventDate "2010.09.21"]
[EventType "team"]

1. e4 d6 2. d4 Nf6 3. Nc3 g6 4. f4 c6 5. Nf3 b5 6. a3 a6 7. Be2 Bg7 8. O-O O-O
9. Kh1 Nbd7 10. e5 Nd5 11. Nxd5 cxd5 12. c3 Nb6 13. Be3 Bf5 14. Nd2 Na4 15. Qc1
Qd7 16. Bd1 Nb6 17. Bc2 Rab8 18. Bxf5 Qxf5 19. Qb1 Nc4 20. Nxc4 bxc4 21. Qxf5
gxf5 22. Rf2 f6 23. exd6 e6 24. Re1 Rfd8 25. Bc1 Rxd6 26. Rfe2 Kf7 27. g3 Rdb6
28. Kg2 a5 29. Kh3 a4 30. Kg2 Rc6 31. Kh3 Rb3 32. Kg2 Rcb6 33. Kh3 Bf8 34. Rc2
Rb8 35. Rce2 Re8 36. Kg2 Bd6 37. Kh3 Re7 38. Kg2 Bc7 39. Kh3 Rb8 40. Kg2 Rb6 41.
Kh3 Ke8 42. Kg2 Kd7 43. Kf3 Rb8 44. Kf2 h5 45. h4 Bd6 46. Kf3 Rg8 47. Rg2 Reg7
48. Ree2 Rg4 49. Bd2 Rb8 50. Bc1 Bc7 51. Rh2 Rb3 52. Kf2 e5 53. fxe5 fxe5 54.
dxe5 Re4 55. Kf3 Bxe5 56. Bf4 Ke6 57. Rxe4 fxe4+ 58. Ke3 Kf5 59. Bxe5 Kxe5 60.
Rd2 Rb7 61. Rg2 d4+ 62. cxd4+ Kd5 63. Kf4 Rg7 64. g4 Rf7+ 65. Ke3 Rf3+ 66. Ke2
hxg4 67. Rxg4 Rh3 68. Rg8 Kxd4 69. Rd8+ Ke5 70. Re8+ Kf4 71. Rf8+ Kg4 72. Rg8+
Kf5 73. Rf8+ Kg6 74. Rf4 Rh2+ 75. Ke3 Rxb2 76. Rxe4 Rb3+ 77. Kd2 1/2-1/2

[Event "39th Olympiad Women"]
[Site "Khanty-Mansiysk RUS"]
[Date "2010.09.28"]
[Round "7"]
[White "Guerrero Rodriguez, Alejandra"]
[Black "Zykina, Nadezhda"]
[Result "1-0"]
[WhiteTitle "WIM"]
[BlackTitle "WFM"]
[WhiteElo "2128"]
[BlackElo "2103"]
[Board "36.2"]
[WhiteTeam "MEX"]
[BlackTeam "IPCA"]
[WhiteFideId "5104297"]
[BlackFideId "24150789"]
[EventDate "2010.09.21"]
[EventType "team"]

1. e4 e5 2. d4 exd4 3. Nf3 Nc6 4. Nxd4 Qh4 5. Nc3 Bb4 6. Qd3 Ne5 7. Qe2 Bxc3+ 8.
bxc3 d6 9. g3 Qe7 10. Bg2 h5 11. f4 Nd7 12. Ba3 Nc5 13. e5 Bg4 14. Qc4 Rb8 15.
O-O h4 16. Rae1 Ne6 17. f5 d5 18. Qa4+ b5 19. Nxb5 Qd7 20. fxe6 Bxe6 21. Nxc7+
Kd8 22. Nxe6+ 1-0

[Event "39th Olympiad Women"]
[Site "Khanty-Mansiysk RUS"]
[Date "2010.09.28"]
[Round "7"]
[White "Melnik, Galina"]
[Black "Mendoza Velazquez, Lorena Alejan"]
[Result "1/2-1/2"]
[WhiteTitle "WFM"]
[BlackTitle "WIM"]
[WhiteElo "1994"]
[BlackElo "2038"]
[Board "36.3"]
[WhiteTeam "IPCA"]
[BlackTeam "MEX"]
[WhiteFideId "4121929"]
[BlackFideId "5101794"]
[EventDate "2010.09.21"]
[EventType "team"]

1. d4 Nf6 2. Nf3 g6 3. c4 c5 4. d5 e6 5. Nc3 exd5 6. cxd5 d6 7. e4 Bg7 8. Be2
O-O 9. O-O Qe7 10. Nd2 Na6 11. Qc2 Rb8 12. Nb5 Nxd5 13. Nc4 Ndb4 14. Qb1 d5 15.
a3 dxc4 16. axb4 Nxb4 17. Nxa7 b5 18. Nxc8 Rfxc8 19. Ra3 Re8 20. Bf3 Red8 21. g3
Nd3 22. Bg2 Bd4 23. Ra6 Rd6 24. Rxd6 Qxd6 25. Qc2 Qf6 26. b3 Nxc1 27. bxc4 bxc4
28. Qxc1 Rb2 29. Qxc4 Rxf2 30. Kh1 Kg7 31. Qc1 Rxf1+ 32. Qxf1 Qg5 33. Qe1 c4 34.
Bf1 c3 35. Bd3 Qf6 36. Kg2 Qb6 37. Qb1 Qc6 38. Qc2 Kf6 39. Qc1 Kg7 40. Qc2 Qf6
41. Qe2 Qg5 42. Qe1 h5 43. h4 Qg4 44. Qf1 Be5 45. Qf3 Kf8 46. Qe3 Kg7 47. Bc2
Qd7 48. Qf2 Qd6 49. Bb3 Qc7 50. Bc2 Qd7 51. Qe2 Qd4 52. Bd3 Qd6 53. Qf3 Qa3 54.
Qd1 Qb2+ 55. Bc2 Qb6 56. Qd3 Qd6 57. Qe3 Qd2+ 58. Qxd2 cxd2 59. Kf3 Kf6 60. g4
hxg4+ 61. Kxg4 Bc7 62. h5 gxh5+ 63. Kxh5 Ke5 1/2-1/2

[Event "39th Olympiad Women"]
[Site "Khanty-Mansiysk RUS"]
[Date "2010.09.28"]
[Round "7"]
[White "Duran Juarez, Citlali"]
[Black "Kurochkina, Elena"]
[Result "1-0"]
[WhiteElo "1957"]
[BlackElo "1821"]
[Board "36.4"]
[WhiteTeam "MEX"]
[BlackTeam "IPCA"]
[WhiteFideId "5104084"]
[BlackFideId "24145890"]
[EventDate "2010.09.21"]
[EventType "team"]

1. e4 e6 2. d4 d5 3. Nd2 Nf6 4. e5 Nfd7 5. Bd3 c5 6. c3 Nc6 7. Ne2 cxd4 8. cxd4
f6 9. exf6 Nxf6 10. Nf3 Bd6 11. O-O Qc7 12. Bg5 O-O 13. Bh4 h6 14. Bg3 Nh5 15.
Nc3 a6 16. Rc1 Nxg3 17. hxg3 Qf7 18. Bb1 Bd7 19. Qd3 Qf5 20. Qxf5 exf5 21. Nxd5
Rad8 22. Rfe1 Be8 23. Nc3 Bb4 24. a3 Bd6 25. d5 Ne7 26. Nd4 Rf6 27. Rcd1 Kf7 28.
g4 g6 29. Ne6 Rc8 30. g5 hxg5 31. Nxg5+ Kg7 32. Ba2 Bd7 33. Re2 Rh8 34. Rde1
Bh2+ 35. Kf1 Nxd5 36. Bxd5 Rd6 37. Re7+ Kf8 38. Rf7+ 1-0

[Event "39th Olympiad Women"]
[Site "Khanty-Mansiysk RUS"]
[Date "2010.09.28"]
[Round "7"]
[White "Elgohary, Myada"]
[Black "Baklanova, Tatiana"]
[Result "0-1"]
[BlackTitle "WIM"]
[WhiteElo "1751"]
[BlackElo "2247"]
[Board "39.1"]
[WhiteTeam "EGY"]
[BlackTeam "ISCA"]
[WhiteFideId "10605355"]
[BlackFideId "14100754"]
[EventDate "2010.09.21"]
[EventType "team"]

1. e4 e6 2. d4 d5 3. exd5 exd5 4. Bd3 Qf6 5. Ne2 Bd6 6. O-O Ne7 7. Nd2 Bg4 8. c3
Nd7 9. Qc2 O-O-O 10. Ng3 h5 11. h3 h4 12. Nde4 dxe4 13. Nxe4 Qg6 14. Nxd6+ Qxd6
15. hxg4 Nf6 16. f3 h3 17. gxh3 Rxh3 18. Bf5+ Kb8 19. f4 g6 20. Qg2 Rh4 21. Kf2
gxf5 22. g5 Rh2 23. gxf6 Rxg2+ 24. Kxg2 Qxf6 25. Bd2 Rg8+ 26. Kf3 Qc6+ 27. Ke2
Qe4+ 28. Kd1 Rg2 29. Re1 Qd3 0-1

[Event "39th Olympiad Women"]
[Site "Khanty-Mansiysk RUS"]
[Date "2010.09.28"]
[Round "7"]
[White "Mucha, Annegret"]
[Black "Mona, Khaled"]
[Result "0-1"]
[WhiteTitle "WCM"]
[BlackTitle "WGM"]
[WhiteElo "2005"]
[BlackElo "2103"]
[Board "39.2"]
[WhiteTeam "ISCA"]
[BlackTeam "EGY"]
[WhiteFideId "24622788"]
[BlackFideId "10605908"]
[EventDate "2010.09.21"]
[EventType "team"]

1. e4 e5 2. Nf3 Nc6 3. Bc4 Bc5 4. c3 Nf6 5. d3 d6 6. Bb3 Be6 7. Bxe6 fxe6 8. Qb3
Qd7 9. Ng5 Nd8 10. O-O O-O 11. Nd2 Qe7 12. Nc4 Nh5 13. Qd1 Nf4 14. Nf3 Nf7 15.
d4 Bb6 16. Bxf4 exf4 17. e5 d5 18. Nxb6 axb6 19. Qd2 g5 20. Ne1 Nh6 21. b3 Qf7
22. c4 Rad8 23. Rd1 Qh5 24. Qd3 g4 25. f3 g3 26. h3 Rf5 27. Nc2 Nf7 28. Qe2 Qh6
29. cxd5 Rxd5 30. Rd2 Rh5 31. Rfd1 Ng5 32. Kf1 b5 33. Nb4 Rd8 34. Qxb5 Rxh3 35.
Ke2 Qh5 0-1

[Event "39th Olympiad Women"]
[Site "Khanty-Mansiysk RUS"]
[Date "2010.09.28"]
[Round "7"]
[White "Basta-Sohair, F."]
[Black "Ryvova, Anna"]
[Result "0-1"]
[WhiteTitle "WIM"]
[BlackTitle "WFM"]
[WhiteElo "2030"]
[BlackElo "1981"]
[Board "39.3"]
[WhiteTeam "EGY"]
[BlackTeam "ISCA"]
[WhiteFideId "10600175"]
[BlackFideId "309931"]
[EventDate "2010.09.21"]
[EventType "team"]

1. d4 d5 2. Nf3 c6 3. g3 Nf6 4. Bg2 e6 5. O-O c5 6. c4 Nc6 7. cxd5 Nxd5 8. dxc5
Bxc5 9. e4 Nf6 10. Qc2 Qe7 11. Bg5 Bd6 12. Rd1 e5 13. Nc3 O-O 14. Nd5 Qe6 15.
Nxf6+ gxf6 16. Bh6 Re8 17. Nh4 Nd4 18. Rxd4 exd4 19. Nf5 Bd7 20. Qe2 Qxf5 21.
Re1 Qg6 22. Bd2 Bc5 23. Kh1 Bc6 24. f3 Rad8 25. Bh3 f5 26. Qc4 fxe4 27. Qxc5 e3
28. Bb4 Bxf3+ 29. Kg1 Rd5 30. Qc7 Qf6 31. Rf1 e2 32. Re1 Qb6 33. Qxb6 axb6 34.
Kf2 Bh5 35. g4 Bg6 36. Bg2 Rb5 37. a3 d3 38. Bxb7 Re6 39. Rc1 Rxb4 0-1

[Event "39th Olympiad Women"]
[Site "Khanty-Mansiysk RUS"]
[Date "2010.09.28"]
[Round "7"]
[White "Gerasimova, Olga"]
[Black "Elgohary, Fayrouz"]
[Result "1-0"]
[WhiteTitle "WIM"]
[WhiteElo "2218"]
[BlackElo "1820"]
[Board "39.4"]
[WhiteTeam "ISCA"]
[BlackTeam "EGY"]
[WhiteFideId "24109622"]
[BlackFideId "10605347"]
[EventDate "2010.09.21"]
[EventType "team"]

1. e4 d5 2. exd5 Nf6 3. d4 Bg4 4. Nf3 Qxd5 5. Be2 Nc6 6. c4 Qf5 7. h3 Bxf3 8.
Bxf3 Qe6+ 9. Be2 Qe4 10. d5 O-O-O 11. O-O e6 12. Bd3 Qd4 13. Be3 Qxb2 14. dxc6
Qxa1 15. cxb7+ Kb8 16. Bxa7+ Kxa7 17. Qa4+ Kxb7 18. Qb3+ Kc8 19. Nc3 Qxf1+ 20.
Bxf1 Bc5 21. Qb5 Bd4 22. Ne2 e5 23. Nxd4 exd4 24. Bd3 g6 25. Qa6+ Kb8 26. Qxf6
Rhe8 27. c5 Re1+ 28. Kh2 Ree8 29. Qa6 c6 30. Qb6+ Ka8 31. Ba6 Rb8 32. Qxc6+ Ka7
33. Bd3 Re6 34. Qa4+ Kb7 35. Qd7+ Ka8 36. c6 Ree8 37. Qxd4 Re7 38. Qd6 Ra7 39.
c7 1-0

[Event "39th Olympiad Women"]
[Site "Khanty-Mansiysk RUS"]
[Date "2010.09.28"]
[Round "7"]
[White "Krifa, Najla"]
[Black "Smith, Olivia"]
[Result "0-1"]
[WhiteTitle "WFM"]
[BlackTitle "WFM"]
[WhiteElo "1794"]
[BlackElo "2002"]
[Board "40.1"]
[WhiteTeam "TUN"]
[BlackTeam "WLS"]
[WhiteFideId "5501040"]
[BlackFideId "411850"]
[EventDate "2010.09.21"]
[EventType "team"]

1. e4 e5 2. d4 exd4 3. Nf3 Bc5 4. Bc4 d6 5. c3 dxc3 6. Nxc3 Nc6 7. O-O Nge7 8.
Bg5 O-O 9. h3 Kh8 10. Re1 f6 11. Bh4 Ng6 12. Bg3 Nce5 13. Bb3 Bd7 14. Kh1 Qc8
15. Ng1 f5 16. f4 Nc6 17. Bd5 fxe4 18. Rxe4 Bf5 19. Re1 Nd4 20. Rc1 c6 21. Bf3
Nxf3 22. Qxf3 d5 23. Nxd5 cxd5 24. Qxd5 b6 25. b4 Qd7 26. Qxd7 Bxd7 27. bxc5
bxc5 28. Rxc5 Nxf4 29. Bxf4 Rxf4 30. Rc7 Rf7 31. Rec1 Kg8 32. Nf3 Be6 33. a3 a5
34. Nd4 Rxc7 35. Rxc7 Bf7 36. Nc6 a4 37. Rb7 Kf8 38. Nd4 Rc8 39. Rb4 Rc4 40.
Rxc4 Bxc4 41. Kg1 g6 42. Kf2 Ke7 43. h4 Kd6 44. Ke3 Kc5 45. g4 Ba6 46. Ne6+ Kc4
47. g5 Bc8 48. Nd4 Bd7 49. Nc2 Kc3 50. Nd4 Kb2 51. Kd2 Kxa3 52. Kc3 Ka2 53. Nc2
Kb1 54. Na3+ Kc1 55. Kb4 Kd1 56. Kc5 Ke2 57. Kd6 Bf5 58. Ke5 Bd3 59. Kd4 Kd2 60.
Kc5 Kc3 0-1

[Event "39th Olympiad Women"]
[Site "Khanty-Mansiysk RUS"]
[Date "2010.09.28"]
[Round "7"]
[White "Blackburn, Suzie G."]
[Black "Marzouk, Amira"]
[Result "1-0"]
[WhiteTitle "WFM"]
[BlackTitle "WCM"]
[WhiteElo "1939"]
[BlackElo "1745"]
[Board "40.2"]
[WhiteTeam "WLS"]
[BlackTeam "TUN"]
[WhiteFideId "414930"]
[BlackFideId "5501148"]
[EventDate "2010.09.21"]
[EventType "team"]

1. d4 d5 2. Nf3 Nf6 3. Bg5 Ne4 4. Bf4 c5 5. e3 Qb6 6. Qc1 Nc6 7. c3 Bg4 8. Nbd2
Nxd2 9. Nxd2 cxd4 10. exd4 f6 11. Be3 Qc7 12. Bb5 e5 13. O-O Bd6 14. h3 Bf5 15.
c4 a6 16. Ba4 O-O 17. dxe5 Bxe5 18. cxd5 Nb4 19. Qxc7 Bxc7 20. Bc5 Nxd5 21. Bxf8
Kxf8 22. Nf3 Be4 23. Nd4 Be5 24. Ne6+ Ke7 25. Nc5 Bg6 26. Rad1 Bf7 27. Bb3 Nb6
28. Bxf7 Kxf7 29. Nd7 Nc4 30. b3 Na3 31. Nxe5+ 1-0

[Event "39th Olympiad Women"]
[Site "Khanty-Mansiysk RUS"]
[Date "2010.09.28"]
[Round "7"]
[White "Matoussi, Amani"]
[Black "Roberts, Lynda"]
[Result "1/2-1/2"]
[WhiteElo "1545"]
[BlackElo "1999"]
[Board "40.3"]
[WhiteTeam "TUN"]
[BlackTeam "WLS"]
[WhiteFideId "5501156"]
[BlackFideId "1800191"]
[EventDate "2010.09.21"]
[EventType "team"]

1. e4 e6 2. d4 d5 3. Nc3 dxe4 4. Nxe4 Bd7 5. Nf3 Bc6 6. Bd3 Nd7 7. Be3 Ngf6 8.
Nxf6+ Nxf6 9. O-O Bxf3 10. Qxf3 c6 11. c3 Be7 12. Rfe1 Qd7 13. Be2 Nd5 14. Bd2
Bf6 15. Bc4 O-O-O 16. Bxd5 Qxd5 17. Qxd5 Rxd5 18. Bf4 Rhd8 19. Kf1 Rb5 20. Rab1
Rbd5 21. Re2 b6 22. Rbe1 Kb7 23. Be5 Bxe5 24. Rxe5 Rxe5 25. Rxe5 Rd5 26. f4 Kc7
27. Ke2 Kd7 28. g4 f6 29. Rxd5+ cxd5 30. Kd3 b5 31. b3 h6 32. h4 g5 33. hxg5
hxg5 34. fxg5 fxg5 35. c4 dxc4+ 36. bxc4 bxc4+ 37. Kxc4 Kd6 38. a4 a6 39. Kc3 a5
40. Kc4 Kc6 41. Kc3 Kd6 42. Kc4 Kc6 43. Kc3 Kd6 1/2-1/2

[Event "39th Olympiad Women"]
[Site "Khanty-Mansiysk RUS"]
[Date "2010.09.28"]
[Round "7"]
[White "Greeff, Melissa"]
[Black "Koskoska, Gabriela"]
[Result "1/2-1/2"]
[WhiteTitle "WGM"]
[BlackTitle "WIM"]
[WhiteElo "2079"]
[BlackElo "2142"]
[Board "41.1"]
[WhiteTeam "RSA"]
[BlackTeam "MKD"]
[WhiteFideId "14301504"]
[BlackFideId "15000630"]
[EventDate "2010.09.21"]
[EventType "team"]

1. e4 c5 2. Nf3 d6 3. d4 cxd4 4. Nxd4 Nf6 5. f3 Nc6 6. Nb3 d5 7. exd5 Qxd5 8.
Qxd5 Nxd5 9. a3 e5 10. c4 Nc7 11. Nc3 Be6 12. Be3 O-O-O 13. Nd2 Be7 14. f4 exf4
15. Bxf4 g5 16. Be3 f5 17. O-O-O Bf6 18. c5 Rhe8 19. Bf2 Ne5 20. Nb5 Nxb5 21.
Bxb5 Nd3+ 22. Bxd3 Rxd3 23. Nf3 Red8 24. Rxd3 Rxd3 25. Kc2 Rd5 26. Re1 Bf7 27.
Nd2 Re5 28. Rxe5 Bxe5 29. Nf3 1/2-1/2

[Event "39th Olympiad Women"]
[Site "Khanty-Mansiysk RUS"]
[Date "2010.09.28"]
[Round "7"]
[White "Jonoska, Katerina"]
[Black "Solomons, Anzel"]
[Result "1-0"]
[BlackTitle "WIM"]
[WhiteElo "2012"]
[BlackElo "1932"]
[Board "41.2"]
[WhiteTeam "MKD"]
[BlackTeam "RSA"]
[WhiteFideId "15002551"]
[BlackFideId "14300800"]
[EventDate "2010.09.21"]
[EventType "team"]

1. e4 e5 2. Bc4 Nc6 3. d3 Be7 4. Nc3 Nf6 5. f4 d6 6. Nf3 O-O 7. O-O Na5 8. fxe5
dxe5 9. Nd5 Bc5+ 10. Kh1 Nxc4 11. dxc4 Nxe4 12. Qe2 f5 13. b4 Bd6 14. Bb2 c6 15.
Nc3 Nxc3 16. Bxc3 e4 17. c5 exf3 18. Qc4+ Kh8 19. Rxf3 Bc7 20. Rd3 Qg5 21. Re1
Qf4 22. Qxf4 Bxf4 23. Re7 Rg8 24. Rxg7 Re8 25. Rg5+ 1-0

[Event "39th Olympiad Women"]
[Site "Khanty-Mansiysk RUS"]
[Date "2010.09.28"]
[Round "7"]
[White "Siddiqui, Nida Mishraz"]
[Black "Bakri, Alia Anin Azwa"]
[Result "0-1"]
[WhiteElo "1796"]
[BlackElo "1904"]
[Board "44.1"]
[WhiteTeam "PAK"]
[BlackTeam "MAS"]
[WhiteFideId "7800495"]
[BlackFideId "5702712"]
[EventDate "2010.09.21"]
[EventType "team"]

1. e4 e6 2. d4 d5 3. Nc3 Nf6 4. Bd3 Be7 5. Nf3 dxe4 6. Nxe4 O-O 7. Nxf6+ Bxf6 8.
c3 Nd7 9. O-O c5 10. Bc2 cxd4 11. Qd3 g6 12. cxd4 Nb6 13. Bh6 Re8 14. Ne5 Qe7
15. Rfe1 Rd8 16. Rad1 Bd7 17. f4 Qb4 18. Bb3 Bb5 19. Qe3 Nc4 20. Qe4 Bc6 21.
Nxc6 bxc6 22. Bxc4 Qxc4 23. Rc1 Qxd4+ 24. Qxd4 Bxd4+ 25. Kf1 Bxb2 26. Rxc6 Rdc8
27. Rxc8+ Rxc8 28. Rb1 Rc1+ 29. Rxc1 Bxc1 30. g3 e5 31. Ke2 exf4 32. Bxf4 Bxf4
33. gxf4 f6 34. Kd3 Kf7 35. Ke4 Ke6 36. a3 g5 37. f5+ Kd6 38. Kf3 Ke5 39. Kg4
h5+ 40. Kxh5 Kxf5 41. h3 a6 42. a4 a5 43. Kh6 g4 44. hxg4+ Kxg4 45. Kg6 f5 46.
Kf6 f4 0-1

[Event "39th Olympiad Women"]
[Site "Khanty-Mansiysk RUS"]
[Date "2010.09.28"]
[Round "7"]
[White "Mir Mahmoud, Afamia"]
[Black "Segarra Choe, Tammy"]
[Result "1-0"]
[BlackTitle "WFM"]
[WhiteElo "2014"]
[BlackElo "2014"]
[Board "45.1"]
[WhiteTeam "SYR"]
[BlackTeam "PUR"]
[WhiteFideId "7600674"]
[BlackFideId "3100936"]
[EventDate "2010.09.21"]
[EventType "team"]

1. d4 d5 2. c4 c6 3. Nf3 Nf6 4. Nc3 a6 5. e3 b5 6. cxd5 cxd5 7. Bd3 e6 8. O-O
Be7 9. Bd2 Bb7 10. Rc1 O-O 11. Qc2 Nc6 12. Qb1 Nb4 13. Be2 Rc8 14. a3 Nc6 15. b4
Nd7 16. e4 dxe4 17. Nxe4 Nf6 18. Be3 Nxd4 19. Nxf6+ Bxf6 20. Nxd4 Bxd4 21. Rxc8
Bxc8 22. Rd1 e5 23. Bxd4 exd4 24. Qe4 Qc7 25. Qxd4 Qc2 26. Bf3 Qb3 27. Qe3 Qxe3
28. fxe3 g5 29. Rd6 Kg7 30. Rc6 Bb7 31. Rb6 Bxf3 32. gxf3 Re8 33. Rxa6 Rxe3 34.
Kf2 Rb3 35. Ra5 f6 36. Rxb5 Rxa3 37. Rb8 Rb3 38. b5 h5 39. b6 f5 40. b7 f4 41.
h3 Rb2+ 42. Ke1 Kh7 43. Kd1 Kg7 44. Kc1 Rb6 45. Kd2 Kh7 46. Kd3 Rb2 47. Kc3 Rb6
48. Kd4 Rb2 49. Ke5 Kg7 50. Kf5 g4 51. hxg4 h4 52. Kxf4 h3 53. Rd8 h2 54. Rd1
Kg6 55. Rh1 Rb4+ 56. Kg3 Rxb7 57. Rxh2 Rb1 58. Rc2 Rd1 59. Rc6+ Kg7 60. f4 1-0

[Event "39th Olympiad Women"]
[Site "Khanty-Mansiysk RUS"]
[Date "2010.09.28"]
[Round "7"]
[White "Sanchez Rodriguez, Wilmairi"]
[Black "Algildah, Nibal"]
[Result "1/2-1/2"]
[WhiteElo "1812"]
[BlackElo "1932"]
[Board "45.2"]
[WhiteTeam "PUR"]
[BlackTeam "SYR"]
[WhiteFideId "3101185"]
[BlackFideId "7600950"]
[EventDate "2010.09.21"]
[EventType "team"]

1. e4 c6 2. d4 d5 3. exd5 cxd5 4. c4 Nf6 5. Nc3 e6 6. Nf3 a6 7. Bd3 Be7 8. O-O
O-O 9. c5 b6 10. b4 a5 11. Na4 bxc5 12. bxc5 Nc6 13. Nb6 Ra7 14. Bb5 Nb8 15. Bf4
Ba6 16. Qa4 Bxb5 17. Qxb5 Qe8 18. Qxe8 Rxe8 19. Rfc1 Nc6 20. a3 Ne4 21. Be3 Bf6
22. Rab1 h6 23. Ne5 Bxe5 24. dxe5 d4 25. Bf4 g5 26. Bg3 Nxg3 27. hxg3 Nxe5 28.
c6 Rc7 29. Rb5 Rxc6 30. Rxc6 Nxc6 31. Rc5 Ne7 32. Rxa5 Rb8 33. Ra8 Rxa8 34. Nxa8
Kg7 35. Kf1 Kf6 36. Ke2 e5 37. Nb6 Ke6 38. a4 f5 39. a5 Nc6 40. a6 Na7 41. Kd3
Kd6 42. Nc4+ Kd5 43. Nb6+ Kc5 44. Nd7+ Kd6 45. Nb6 Kc7 46. Nd5+ Kd6 47. Nb6 Kc7
48. Nd5+ Kd6 49. Nb6 1/2-1/2

[Event "39th Olympiad Women"]
[Site "Khanty-Mansiysk RUS"]
[Date "2010.09.28"]
[Round "7"]
[White "Al-Jelda, Fatma"]
[Black "Vazquez Maccarini, Danitza"]
[Result "1-0"]
[BlackTitle "WFM"]
[WhiteElo "1822"]
[BlackElo "1818"]
[Board "45.3"]
[WhiteTeam "SYR"]
[BlackTeam "PUR"]
[WhiteFideId "7600291"]
[BlackFideId "3101193"]
[EventDate "2010.09.21"]
[EventType "team"]

1. e4 c5 2. c3 d5 3. exd5 Qxd5 4. d4 Nf6 5. Nf3 Bg4 6. Be2 Nc6 7. Na3 e6 8. O-O
Be7 9. Nc2 O-O 10. dxc5 Qxd1 11. Rxd1 Bxc5 12. Be3 Bxe3 13. Nxe3 Bh5 14. Kf1
Rfd8 15. Rxd8+ Rxd8 16. Rd1 Rxd1+ 17. Bxd1 Ne4 18. Ke1 Kf8 19. Ng1 Bxd1 20. Nxd1
Ke7 21. Ke2 Kd6 22. Kd3 Nc5+ 23. Kc2 a5 24. Ne3 b5 25. Ne2 g5 26. Nc1 f5 27. Nd3
Nxd3 28. Kxd3 h5 29. h3 f4 30. Nc2 e5 31. Ke4 Ke6 32. Ne1 Nd8 33. Nd3 Nf7 34.
Nc5+ Kf6 35. Kd5 g4 36. hxg4 hxg4 37. f3 g3 38. Ne4+ Kf5 39. b3 Nh6 40. c4 bxc4
41. bxc4 Nf7 42. c5 Nd8 43. c6 Nxc6 44. Kxc6 Ke6 45. Kb5 a4 46. Kxa4 Kd5 47. Kb5
Kd4 48. a4 Ke3 49. Kc5 Ke2 50. Kd5 Kf1 51. Kxe5 Kxg2 52. Kxf4 Kh3 53. Nxg3 Kh4
54. a5 1-0